000 00365nam a22001457a 4500
020 _a978-93-81735-12-1
082 _a650
_bNEH
100 _aNEHRA, N.S
245 _aRESEARCH METHODOLOGY: HOSPITALITY & BUSINES MANAGEMENT
260 _aDELHI
_bNAMAN
_c2013
300 _a146
650 _aRESEARCH METHODOLOGY
653 _aBUSINESS , HOSPITILITY
942 _2ddc
_cBK
999 _c8131
_d8131